Statistics for Asian Countries Ending in -AN

Click here to take the quiz!

General Stats

  • This quiz has been taken 71 times
  • The average score is 12 of 14

Answer Stats

Answer% Correct
Uzbekistan
97%
Kazakhstan
95%
Pakistan
95%
Turkmenistan
93%
Afghanistan
92%
Kyrgyzstan
92%
Tajikistan
90%
Oman
85%
Japan
82%
Bhutan
79%
Iran
79%
Taiwan
79%
Azerbaijan
77%
Jordan
66%

Score Distribution

Percentile by Number Answered

Percent of People with Each Score

Your Score History

You have not taken this quiz